Normal view
MARC view
Entry Topical Term
001 - CONTROL NUMBER
- control field: 77
003 - CONTROL NUMBER IDENTIFIER
- control field: OSt
005 - DATE AND TIME OF LATEST TRANSACTION
- control field: 20140507162048.0
008 - FIXED-LENGTH DATA ELEMENTS
- fixed length control field: 091002|||a|||||| | ||| d
040 ## - CATALOGING SOURCE
- Original cataloging agency: OSt
- Transcribing agency: OSt
150 ## - HEADING--TOPICAL TERM
- Topical term or geographic name entry element: Protest songs
- Geographic subdivision: Nigeria.
670 ## - SOURCE DATA FOUND
- Source citation: Work cat.: (OSt)0: Fela, 1938-1997 143, Original suffer head/I.T.T., 2000, p1997.